Tuyếc - bin hơi và thiết bị ngưng tụ

Wedi'i Gadw mewn:
Manylion Llyfryddiaeth
Prif Awdur: X.M.Lôxep
Fformat: Llyfr
Iaith:Undetermined
Cyhoeddwyd: Hà Nội Công nghiệp nặng 1961
Pynciau:
Tagiau: Ychwanegu Tag
Dim Tagiau, Byddwch y cyntaf i dagio'r cofnod hwn!
Thư viện lưu trữ: Trung tâm Học liệu Trường Đại học Cần Thơ
LEADER 00514nam a2200169Ia 4500
001 CTU_46185
008 210402s9999 xx 000 0 und d
082 |a 621.165 
082 |b L879/T2 
100 |a X.M.Lôxep 
245 0 |a Tuyếc - bin hơi và thiết bị ngưng tụ 
245 0 |c X.M.Lôxep 
260 |a Hà Nội 
260 |b Công nghiệp nặng 
260 |c 1961 
650 |a steam engineering,steam-engines,steam-heating 
980 |a Trung tâm Học liệu Trường Đại học Cần Thơ